Central Library OPAC University of Rajshahi

A theory of the consumption function / (Record no. 45431)

MARC details
000 -LEADER
fixed length control field 00910nam a2200265 a 4500
001 - CONTROL NUMBER
control field 45431
003 - CONTROL NUMBER IDENTIFIER
rucl marc code BD-RjUL
005 - DATE AND TIME OF LATEST TRANSACTION
control field 20211209054019.0
008 - FIXED-LENGTH DATA ELEMENTS--GENERAL INFORMATION
fixed length control field 160726s1957 njua 001 0 eng
035 ## - SYSTEM CONTROL NUMBER
System control number (BD-RjUL) 45549
040 ## - CATALOGING SOURCE
Original cataloging agency LC
Language of cataloging eng
Transcribing agency LC
Modifying agency NU
-- BD-RjUL
041 ## - LANGUAGE CODE
Language code of text/sound track or separate title eng
082 04 - DEWEY DECIMAL CLASSIFICATION NUMBER
Edition number 23
Classification number 339.47
Author mark and year FRT 1957
100 1# - MAIN ENTRY--PERSONAL NAME
Personal name Friedman, Milton,
Dates associated with a name 1912-2006.
9 (RLIN) 131900
245 12 - TITLE STATEMENT
Title A theory of the consumption function /
Statement of responsibility, etc. Milton Friedman
260 ## - PUBLICATION, DISTRIBUTION, ETC. (IMPRINT)
Place of publication, distribution, etc. Princeton :
Name of publisher, distributor, etc. Princeton University Press,
Date of publication, distribution, etc. 1957
300 ## - PHYSICAL DESCRIPTION
Pagination 243 p. :
Illustrations ill. ;
Size 24 cm.
490 0# - SERIES STATEMENT
Series statement General series ;
Volume/sequential designation no. 63
500 ## - GENERAL NOTE
General note Includes index.
General note A study by the National Bureau of Economic Research, New York.
650 #0 - SUBJECT ADDED ENTRY--TOPICAL TERM
Topical term or geographic name as entry element Consumption (Economics)
9 (RLIN) 139093
710 2# - ADDED ENTRY--CORPORATE NAME
Corporate name or jurisdiction name as entry element National Bureau of Economic Research.
9 (RLIN) 132136
830 #0 - SERIES ADDED ENTRY--UNIFORM TITLE
Uniform title General series (National Bureau of Economic Research) ;
Volume number/sequential designation no. 63
942 ## - ADDED ENTRY ELEMENTS (KOHA)
Source of classification or shelving scheme Dewey Decimal Classification
Koha item type Books
Holdings
Lost status Source of classification or shelving scheme Damaged status Not for loan Collection code Permanent Location Current Location Shelving location Date acquired Source of acquisition Cost, normal purchase price Total Checkouts Full call number Date last seen Copy number Koha item type
  Dewey Decimal Classification     Non-fiction Central Library, University of Rajshahi Central Library, University of Rajshahi   26/01/1963 Zeitlinger 33.00   339.47 FRT 1957 26/07/2016 C-2 Books
  Dewey Decimal Classification     Non-fiction Central Library, University of Rajshahi Central Library, University of Rajshahi   11/02/1975 U.S.International services     339.47 FRT 1957 21/09/2016 C-3 Books
  Dewey Decimal Classification     Non-fiction Central Library, University of Rajshahi Central Library, University of Rajshahi   06/07/1976 USIS,     339.47 FRT 1957 25/09/2016 C-4 Books
  Dewey Decimal Classification   Not For Loan Non-fiction Central Library, University of Rajshahi Central Library, University of Rajshahi Reading Room 26/01/1963 Zeitlinger 33.00   339.47 FRT 1957 24/01/2017 C-1 Books